Bioactive food as dietary interventions for the aging population /

Bioactive Food as Dietary Interventions for the Aging Population presents scientific evidence of the impact bioactive foods can have in the prevention and mediation of age related diseases. Written by experts from around the world, this volume provides important information that will not only assist...

Full description

Bibliographic Details
Corporate Author: ScienceDirect (Online service)
Other Authors: Watson, Ronald R. (Ronald Ross) (Editor), Preedy, Victor R.
Format: eBook
Language:English
Language Notes:English.
Published: Boston : Elsevier/Academic Press, ©2013.
Edition:1st ed.
Series:Bioactive foods in chronic disease states.
Subjects:
Online Access:Connect to the full text of this electronic book

MARC

Tag First Indicator Second Indicator Subfields
LEADER 00000cam a2200000 a 4500
001 in00005751237
005 20260326193533.4
006 m o d
007 cr cnu---unuuu
008 121204s2013 maua ob 001 0 eng d
010 |a  2012277128 
040 |a N$T  |b eng  |e pn  |c N$T  |d OPELS  |d CDX  |d YDXCP  |d GZM  |d E7B  |d OCLCO  |d KKS  |d IDEBK  |d NKT  |d OCLCF  |d UIU  |d OCLCQ  |d VGM  |d OCLCQ  |d U3W  |d D6H  |d CEF  |d WYU  |d OCLCA  |d TKN  |d LEAUB  |d OL$  |d ESU  |d UHL  |d VT2  |d OCLCO  |d OCLCQ  |d OCL  |d OCLCO  |d OCLCL  |d OCLCQ  |d SXB  |d OCLCQ  |d OCLCO  |d OCLCL 
016 7 |a 101600774  |2 DNLM 
016 7 |a 016117120  |2 Uk 
019 |a 815520902  |a 820818416  |a 1066532174  |a 1113798047  |a 1235839961 
020 |a 9780123977618  |q (electronic bk.) 
020 |a 0123977614  |q (electronic bk.) 
020 |z 9780123971555  |q (print) 
020 |z 0123971551  |q (print) 
020 |a 1283716488 
020 |a 9781283716482 
035 |a (OCoLC)820266020  |z (OCoLC)815520902  |z (OCoLC)820818416  |z (OCoLC)1066532174  |z (OCoLC)1113798047  |z (OCoLC)1235839961 
050 4 |a RC953.5  |b .B56 2013eb 
060 0 0 |a 2013 A-660 
060 1 0 |a WT 104 
072 7 |a OCC  |x 011000  |2 bisacsh 
072 7 |a HEA  |x 032000  |2 bisacsh 
072 7 |a HEA  |x 009000  |2 bisacsh 
072 7 |a MED  |x 034000  |2 bisacsh 
082 0 4 |a 615.5/47  |2 23 
049 |a TXAM 
245 0 0 |a Bioactive food as dietary interventions for the aging population /  |c edited by Ronald Ross Watson and Victor R. Preedy. 
250 |a 1st ed. 
260 |a Boston :  |b Elsevier/Academic Press,  |c ©2013. 
300 |a 1 online resource (xx, 493 pages) :  |b illustrations (some color). 
336 |a text  |b txt  |2 rdacontent 
337 |a computer  |b c  |2 rdamedia 
338 |a online resource  |b cr  |2 rdacarrier 
490 1 |a Bioactive foods in chronic disease states 
500 |a Title from PDF title page (viewed on Dec. 4, 2012). 
520 |a Bioactive Food as Dietary Interventions for the Aging Population presents scientific evidence of the impact bioactive foods can have in the prevention and mediation of age related diseases. Written by experts from around the world, this volume provides important information that will not only assist in treatment therapies, but inspire research and new work related to this area. Focuses on the role of bioactive foods in addressing chronic conditions associated with aging and senescence. Important information for developing research on this rapidly growing population representing an increasingly significant financial burden. Documents foods that can affect metabolic syndrome and ways the associated information could be used to understand other diseases, which share common etiological pathways. 
504 |a Includes bibliographical references and index. 
500 |a Title from publisher's Web site; (ScienceDirect; viewed on Oct. 31, 2012). 
505 0 |a Antioxidant supplementation in health promotion and modulation of aging : An overview / L. Valgimigli -- Dietary effects on epigenetics with aging / C.A. Cooney -- Bioactive foods in aging : The role in cancer prevention and treatment / A.R. Garrett [and others] -- Vitamins and older adults / M.J. Marian -- Food and longevity genes / I. Shimokawa, T. Chiba -- Diet, social inequalities, and physical capability in older people / S. Robinson, A.A. Sayer -- Dietary patterns/diet and health of adults in economically developing countries / R.W. Kimokoti, T.T. Fung, B.E. Millen -- Diet and aging : Role in prevention of muscle mass loss / R. Calvani [and others] -- Dietary calories on cardiovascular function in older adults / S.R. Ferreira-Filho -- Mediterranean lifestyle and diet : Deconstructing mechanisms of health benefits / F.R. Pérez-López [and others] -- Creatine and resistance exercise : A possible role in the prevention of muscle loss with aging / D.G. Candow -- Exercise in the maintenance of muscle mass : Effects of exercise training on skeletal muscle apoptosis / A.J. Dirks-Naylor -- Taurine and longevity : Preventing effect of taurine on metabolic syndrome / S. Murakami, Y. Yamori -- Preventing the epidemic of mental ill health : An overview / A.A. Robson -- Energy metabolism and diet : Effects on healthspan / K. Naugle, T. Higgins, T. Manini -- Nutritional hormetins and aging / S.I.S. Rattan -- The health benefits of the Ayurvedic anti-aging drugs (Rasayanas) : An evidence-based revisit / M.S. Baliga [and others] -- Selenium, selenoproteins, and age-related disorders / M. Wu, J.M. Porres, W.-H. Cheng -- Antioxidants and aging : From theory to prevention / J. Zhang -- Diet and brain aging : Effects on cell and mitochondrial function and structure / C. Pocernich, D.A. Butterfield, E. Head -- Bioactive prairie plants and aging adults : Role in health and disease / M.P. Ferreira, F. Dendron, K. Kindscher -- Ginseng and micronutrients for vitality and cognition / S. Maggini, V. Spitzer -- Asian medicinal remedies for alleviating aging effects / R. Arora [and others] -- Legumes, genome maintenance, and optimal health / J.M. Porres, M. Wu, W.-H. Cheng -- Minerals and older adults / J. Doley -- Nutritional influences on bone health and overview of methods / D.L. Alekel [and others] -- Skeletal impact of soy protein and soy isoflavones in humans / D.L. Alekel -- Soy : Animal studies, spanning the lifespan / J. Kaludjerovic, W.E. Ward -- Skeletal effects of plant products other than soy / M.J.J. Ronis, W.E. Ward, C.M. Weaver -- Molecular mechanisms underlying the actions of dietary factors on the skeleton / M.J.J. Ronis -- Aging, zinc, and bone health / B.J. Smith, J. Herman -- General beneficial effects of Pongamia pinnata (L.) Pierre on health / S.L. Badole [and others] -- Nutrition, aging, and Sirtuin 1 / H.S. Ghosh -- Inhibitory effect of food compounds on autoimmune disease / A. Ohara, L. Mei. 
546 |a English. 
650 0 |a Diet therapy for older people. 
650 0 |a Aging  |x Nutritional aspects. 
650 0 |a Bioactive compounds. 
650 0 |a Older people. 
650 0 |a Diet therapy. 
650 1 2 |a Aging  |x physiology 
650 1 2 |a Elder Nutritional Physiological Phenomena 
650 2 2 |a Aged 
650 2 2 |a Functional Food 
650 2 2 |a Nutrition Therapy 
650 6 |a Diétothérapie pour personnes âgées. 
650 6 |a Vieillissement  |x Aspect nutritionnel. 
650 6 |a Composés bioactifs. 
650 6 |a Personnes âgées. 
650 6 |a Diétothérapie. 
650 7 |a elderly.  |2 aat 
650 7 |a BODY, MIND & SPIRIT  |x Healing  |x General.  |2 bisacsh 
650 7 |a HEALTH & FITNESS  |x Alternative Therapies.  |2 bisacsh 
650 7 |a HEALTH & FITNESS  |x Healing.  |2 bisacsh 
650 7 |a MEDICAL  |x Healing.  |2 bisacsh 
650 7 |a Older people  |2 fast 
650 7 |a Diet therapy  |2 fast 
650 7 |a Aging  |x Nutritional aspects  |2 fast 
650 7 |a Bioactive compounds  |2 fast 
650 7 |a Diet therapy for older people  |2 fast 
655 7 |a Electronic books.  |2 local 
700 1 |a Watson, Ronald R.  |q (Ronald Ross)  |4 edt  |1 https://id.oclc.org/worldcat/entity/E39PCjGgxC47cmCfdqyH6Y7xH3 
700 1 |a Preedy, Victor R.  |1 https://id.oclc.org/worldcat/entity/E39PBJcC4fw9XGkq4pcrC4VwG3 
710 2 |a ScienceDirect (Online service) 
758 |i has work:  |a Bioactive food as dietary interventions for the aging population (Text)  |1 https://id.oclc.org/worldcat/entity/E39PCH7chyRfbFygRMFfJ3bmVC  |4 https://id.oclc.org/worldcat/ontology/hasWork 
776 0 8 |i Print version:  |t Bioactive food as dietary interventions for the aging population.  |d Boston : Elsevier/Academic Press, ©2013  |z 9780123971555  |w (OCoLC)793581684 
830 0 |a Bioactive foods in chronic disease states. 
856 4 0 |u http://proxy.library.tamu.edu/login?url=https://www.sciencedirect.com/science/book/9780123971555  |z Connect to the full text of this electronic book  |t 0 
955 |a Elsevier ScienceDirect 2026-2027 
994 |a 92  |b TXA 
999 f f |i a373b735-f89e-45c4-b560-f23d3f15b4ae  |s 02b5ca92-7961-45e9-92f6-b7f221b5a17e  |t 0 
952 f f |a Texas A&M University  |b College Station  |c Electronic Resources  |s www_evans  |d Available Online  |t 0  |e RC953.5 .B56 2013eb  |h Library of Congress classification 
998 f f |a RC953.5 .B56 2013eb  |t 0  |l Available Online